Pariparshik arthaniti (Record no. 1119)
[ view plain ]
| 000 -LEADER | |
|---|---|
| fixed length control field | 00494cam a2200193ua 4500 |
| 008 - FIXED-LENGTH DATA ELEMENTS--GENERAL INFORMATION | |
| fixed length control field | 110617n ii |||gr||||Z||||||asm |
| 040 ## - CATALOGING SOURCE | |
| Transcribing agency | MAIN |
| 082 ## - DEWEY DECIMAL CLASSIFICATION NUMBER | |
| Classification number | 333.7 |
| 245 10 - TITLE STATEMENT | |
| Title | Pariparshik arthaniti |
| Statement of responsibility, etc. | by Khirod Saikia |
| 250 ## - EDITION STATEMENT | |
| Edition statement | 1st ed. |
| 260 ## - PUBLICATION, DISTRIBUTION, ETC. | |
| Place of publication, distribution, etc. | Dibrugarh University campus: |
| Name of publisher, distributor, etc. | [s.n] |
| Date of publication, distribution, etc. | 2003. |
| 300 ## - PHYSICAL DESCRIPTION | |
| Extent | 65p.: |
| Dimensions | 5cm. |
| 700 1# - ADDED ENTRY--PERSONAL NAME | |
| Personal name | Saikia, Khirod, |
| Relator term | |
| 942 ## - ADDED ENTRY ELEMENTS (KOHA) | |
| Koha item type | Books |
| 653 ## - INDEX TERM--UNCONTROLLED | |
| Uncontrolled term | Economics |
| 653 ## - INDEX TERM--UNCONTROLLED | |
| Uncontrolled term | Poribesh arthabigyan |
| 653 ## - INDEX TERM--UNCONTROLLED | |
| Uncontrolled term | Environmental economics |
| Withdrawn status | Lost status | Damaged status | Not for loan | Home library | Current library | Shelving location | Date acquired | Total Checkouts | Full call number | Barcode | Date last seen | Date last checked out | Copy number | Price effective from | Koha item type |
|---|---|---|---|---|---|---|---|---|---|---|---|---|---|---|---|
| Central Library, Naharkatiya College | Central Library, Naharkatiya College | 19/09/2020 | 1 | 333.7 | SAI | 2924 | 24/05/2022 | 09/05/2022 | 1 | 19/09/2020 | Books | |||||
| Central Library, Naharkatiya College | Central Library, Naharkatiya College | 19/09/2020 | 333.7 | SAI | 2926 | 19/09/2020 | 2 | 19/09/2020 | Books | |||||||
| Central Library, Naharkatiya College | Central Library, Naharkatiya College | 19/09/2020 | 333.7 | SAI | 2927 | 19/09/2020 | 3 | 19/09/2020 | Books |
